| 000 | 00933cam a22002175 4500 | ||
|---|---|---|---|
| 001 | ##J131935 | ||
| 008 | 051219s1999 xxk f g 000 0 eng d | ||
| 035 | _a(Sirsi) u131935 | ||
| 041 | 0 | _aeng | |
| 050 | 0 | 4 | _a692.8 $2 18 |
| 110 | 2 |
_aConstruction Confederation _93647 |
|
| 240 | 0 | 0 | _aIN/SC 85 Amendment 6 |
| 245 | 0 | 0 |
_aIN/SC _bdomestic sub-contract amendment six - July 1999 _bschedule of amendments to IN/SC 1985 edition (reprint for use with JCT Intermediate Form of Contract 1998 edition) |
| 260 |
_aLondon _bConstruction Confederation _c1999 |
||
| 300 |
_a4p. _c30cm. |
||
| 490 | 0 |
_aConstruction Confederation Domestic Subcontract IN/SC (1985 Edition) _vAmendment 6 |
|
| 650 | 2 | 4 | _aCONSTRUCTION CONFEDRATION DOMESTIC SUBCONTRACT IN/SC (1985 EDITION) |
| 650 | 2 | 4 | _aJCT STANDARD FORM OF BUILDING CONTRACT (1998 EDITION) |
| 690 | _aBUILT ENVIRONMENT-BUILDING CONTRACT FORMS-STANDARD FORMS OF BUILDING CONTRACT | ||
| 942 | _n0 | ||
| 999 |
_c104910 _d104910 |
||